MARC details
| 000 -CABECERA |
| campo de control de longitud fija |
01020cam a2200277 a 4500 |
| 001 - NÚMERO DE CONTROL |
| campo de control |
000019824 |
| 005 - FECHA Y HORA DE LA ÚLTIMA TRANSACCIÓN |
| campo de control |
20240306073909.0 |
| 008 - DATOS DE LONGITUD FIJA--INFORMACIÓN GENERAL |
| campo de control de longitud fija |
030424s2008 cu a b 010 0 spa d |
| 020 ## - NÚMERO INTERNACIONAL ESTÁNDAR DEL LIBRO |
| Número Internacional Estándar del Libro |
9789592710757 |
| 040 ## - FUENTE DE LA CATALOGACIÓN |
| Centro catalogador/agencia de origen |
DO-SdBNP |
| Lengua de catalogación |
spa |
| Centro/agencia transcriptor |
LC |
| Centro/agencia modificador |
BNPHU |
| 050 00 - SIGNATURA TOPOGRÁFICA DE LA BIBLIOTECA DEL CONGRESO |
| Número de clasificación |
KGN330 |
| Número de documento/Ítem |
.D53 2003 |
| 082 ## - NÚMERO DE LA CLASIFICACIÓN DECIMAL DEWEY |
| Número de clasificación |
nn* |
| Número de documento/Ítem |
nn* |
| 049 ## - FONDOS LOCALES (OCLC) |
| Fondos de biblioteca |
BNGR |
| 100 1# - ENTRADA PRINCIPAL--NOMBRE DE PERSONA |
| Nombre de persona |
Di Cagno, Vittorio. |
| 9 (RLIN) |
42312 |
| 245 10 - MENCIÓN DE TÍTULO |
| Título |
Martí jurista / |
| Mención de responsabilidad, etc. |
Vittorio di Cagno ; apéndice Pedro Verdecie Pérez ; presentación Luigi Lombardí Villauri ; prólogo Miguel Antonio D´ Estefano Pisani. |
| 250 ## - MENCIÓN DE EDICIÓN |
| Mención de edición |
2a ed. |
| 260 ## - PUBLICACIÓN, DISTRIBUCIÓN, ETC. |
| Lugar de publicación, distribución, etc. |
La Habana : |
| Nombre del editor, distribuidor, etc. |
Centro de Estudios Martianos, |
| Fecha de publicación, distribución, etc. |
2008. |
| 300 ## - DESCRIPCIÓN FÍSICA |
| Extensión |
318 p. : |
| Otras características físicas |
il. ; |
| Dimensiones |
23 cm. |
| 504 ## - NOTA DE BIBLIOGRAFÍA, ETC. |
| Nota de bibliografía, etc. |
Incluye referencias bibliográficas al pie de las páginas. |
| 650 #0 - PUNTO DE ACCESO ADICIONAL DE MATERIA--TÉRMINO DE MATERIA |
| Término de materia o nombre geográfico como elemento de entrada |
Law |
| Subdivisión geográfica |
Cuba. |
| 9 (RLIN) |
42313 |
| 600 10 - PUNTO DE ACCESO ADICIONAL DE MATERIA--NOMBRE DE PERSONA |
| Nombre de persona |
Martí, José, |
| Fechas asociadas al nombre |
1853-1895 |
| 9 (RLIN) |
645 |
| 700 1# - PUNTO DE ACCESO ADICIONAL--NOMBRE DE PERSONA |
| Nombre de persona |
Lombardi Villari, Luigi. |
| 9 (RLIN) |
42314 |
| 700 1# - PUNTO DE ACCESO ADICIONAL--NOMBRE DE PERSONA |
| Nombre de persona |
Verdecie Pérez, Pedro. |
| 9 (RLIN) |
42315 |
| 700 1# - PUNTO DE ACCESO ADICIONAL--NOMBRE DE PERSONA |
| Nombre de persona |
D´ Estefano Pisani, Miguel Antonio, |
| Término indicativo de función/relación |
pról. |
| 9 (RLIN) |
42316 |
| 910 ## - DATOS DE OPCIÓN DEL USUARIO (OCLC) |
| Datos de opción del usuario |
Catalogación derivada / LC |